[Event "SVK-chT1E 2223"]
[Site "Slovakia"]
[Date "2023.02.04"]
[Round "8.3"]
[White "Straka, Jozef1111"]
[Black "Cech, Dominik"]
[Result "1/2-1/2"]
[WhiteElo "2326"]
[BlackElo "2056"]
[PlyCount "39"]
[EventDate "2022.10.15"]
[EventType "team-tourn"]
[EventRounds "11"]
[EventCountry "SVK"]
[SourceTitle "EXT 2024"]
[Source "ChessBase"]
[SourceDate "2023.10.10"]
[SourceVersion "1"]
[SourceVersionDate "2023.10.10"]
[SourceQuality "1"]
[WhiteTeam "Cadca"]
[BlackTeam "Michalovce Zemplin"]
[WhiteTeamCountry "SVK"]
[BlackTeamCountry "SVK"]

1. d4 Nf6 2. c4 g6 3. Nc3 Bg7 4. e4 d6 5. Be2 0-0 6. Bg5 Nbd7 7. Qd2 e5 8. d5 a5 9. g4 Nc5 10. f3 c6 11. Nh3 a4 12. Nf2 Qa5 13. 0-0 Qc7 14. Rfd1 Ne8 15. Be3 Nd7 16. Nd3 Nb6 17. b3 cxd5 18. cxd5 f5 19. Rdc1 Qd8 20. Bd1 1/2-1/2

[Event "SVK-chT1E 2122"]
[Site "Slovakia"]
[Date "2022.02.26"]
[Round "4.1"]
[White "Cech, Dominik"]
[Black "Tazbir, Marcin"]
[Result "0-1"]
[WhiteElo "2091"]
[BlackElo "2511"]
[PlyCount "138"]
[EventDate "2022.01.29"]
[EventType "team-tourn"]
[EventRounds "11"]
[EventCountry "SVK"]
[SourceTitle "EXT 2023"]
[Source "ChessBase"]
[SourceDate "2022.10.05"]
[SourceVersion "1"]
[SourceVersionDate "2022.10.05"]
[SourceQuality "1"]
[WhiteTeam "Michalovce Zemplin"]
[BlackTeam "Dunajov Inbest"]
[WhiteTeamCountry "SVK"]
[BlackTeamCountry "SVK"]

1. e4 c5 2. Nf3 e6 3. d4 cxd4 4. Nxd4 Nc6 5. Nc3 Qc7 6. Be3 Nf6 7. Be2 Bb4 8. Ndb5 Qb8 9. a3 Be7 10. 0-0 0-0 11. f4 d6 12. Qe1 a6 13. Nd4 d5 14. e5 Nd7 15. Bd3 Nc5 16. Rd1 f6 17. exf6 Nxd3 18. Rxd3 Bxf6 19. Nxc6 bxc6 20. Na4 Qc7 21. Bc5 Re8 22. Nb6 Rb8 23. Nxc8 Rbxc8 24. b3 e5 25. fxe5 Rxe5 26. Qg3 Re6 27. Qg4 Re4 28. Qf5 Rce8 29. Rh3 h6 30. Qg6 Re1 31. Rhf3 R8e6 32. Qd3 Qa5 33. b4 Rxf1+ 34. Rxf1 Qb5 35. Qf5 Qe2 36. h3 Qe4 37. Qf2 Kh7 38. Rd1 Be5 39. Qd2 Rg6 40. Rf1 Bb2 41. Rf2 Rg3 42. Re2 Qg6 43. Re3 Rxe3 44. Bxe3 Qe4 45. c3 Bxa3 46. Bd4 Qb1+ 47. Kh2 Bc1 48. Qe2 Qe4 49. Qxa6 Bf4+ 50. g3 Qc2+ 51. Kg1 Bxg3 52. Qxc6 Qh2+ 53. Kf1 Qxh3+ 54. Ke2 Qg2+ 55. Kd1 Bf4 56. Ke1 Bd2+ 57. Kd1 Bg5 58. Ke1 Qd2+ 59. Kf1 Qd1+ 60. Kf2 Qd2+ 61. Kf3 Qd3+ 62. Kg2 Qe4+ 63. Kf2 Bh4+ 64. Kf1 Qh1+ 65. Ke2 Qe1+ 66. Kd3 Qe4+ 67. Kd2 Bg5+ 68. Kd1 Qd3+ 69. Ke1 Bh4+ 0-1

[Event "Tatry op"]
[Site "Tatranske Zruby"]
[Date "2020.10.01"]
[Round "9"]
[White "Cech, Dominik"]
[Black "Sevcikova, Lucia"]
[Result "1/2-1/2"]
[WhiteElo "2123"]
[BlackElo "1944"]
[PlyCount "30"]
[EventDate "2020.09.26"]
[EventType "swiss"]
[EventRounds "9"]
[EventCountry "SVK"]
[SourceTitle "CBM 198 Extra"]
[Source "ChessBase"]
[SourceDate "2020.11.30"]
[SourceVersion "1"]
[SourceVersionDate "2020.11.30"]
[SourceQuality "1"]

1. e4 e6 2. d4 d5 3. e5 c5 4. c3 Nc6 5. Nf3 Qb6 6. a3 a5 7. g3 Bd7 8. Bh3 Qb5 9. Nbd2 Be7 10. Qe2 Qxe2+ 11. Kxe2 0-0-0 12. Rd1 a4 13. b4 axb3 14. Nxb3 c4 15. Nbd2 Na5 1/2-1/2

[Event "SVK-chT2A 1920"]
[Site "Slovakia"]
[Date "2020.03.07"]
[Round "10.2"]
[White "Bochnicka, Vladimir1111"]
[Black "Cech, Dominik"]
[Result "1-0"]
[WhiteElo "1964"]
[BlackElo "2160"]
[PlyCount "101"]
[EventDate "2019.10.26"]
[EventType "team-tourn"]
[EventRounds "11"]
[EventCountry "SVK"]
[SourceTitle "CBM 195 Extra"]
[Source "ChessBase"]
[SourceDate "2020.05.31"]
[SourceVersion "1"]
[SourceVersionDate "2020.05.31"]
[SourceQuality "1"]
[WhiteTeam "Modra II"]
[BlackTeam "Bratislava Doprastav II"]
[WhiteTeamCountry "SVK"]
[BlackTeamCountry "SVK"]

1. e4 e5 2. Nf3 Nc6 3. Bc4 Nf6 4. d3 Be7 5. 0-0 0-0 6. Re1 d6 7. a4 Kh8 8. c3 Ng8 9. d4 f5 10. exf5 e4 11. Bxg8 exf3 12. Be6 Bxe6 13. fxe6 Bg5 14. Nd2 Bxd2 15. Qxd2 Qe8 16. Qg5 Rf6 17. Qd5 Qg6 18. Qg5 Qxg5 19. Bxg5 Rg6 20. Bf4 Rxg2+ 21. Kf1 Rg4 22. Bg3 Re8 23. Re3 Rg6 24. d5 Ne7 25. c4 Rf6 26. Raa3 c6 27. Bh4 Nf5 28. Bxf6 Nxe3+ 29. Rxe3 gxf6 30. Rxf3 Kg7 31. Ke2 Kg6 32. Ke3 f5 33. Kf4 Kf6 34. Rh3 cxd5 35. cxd5 Rc8 36. b3 Kg6 37. Rg3+ Kf6 38. Rg5 Rc2 39. Rxf5+ Ke7 40. Rf7+ Ke8 41. Kg5 Rd2 42. Rxb7 Rxf2 43. Rxh7 Rd2 44. h4 Rg2+ 45. Kf5 Rf2+ 46. Ke4 Rb2 47. h5 Rxb3 48. h6 Rb4+ 49. Kf5 Rxa4 50. Rh8+ Ke7 51. h7 1-0

[Event "SVK-chT1E 1920"]
[Site "Slovakia"]
[Date "2019.11.09"]
[Round "3.3"]
[White "Cech, Dominik"]
[Black "Galvanek, Ladislav"]
[Result "1-0"]
[WhiteElo "2128"]
[BlackElo "1966"]
[PlyCount "69"]
[EventDate "2019.10.12"]
[EventType "team-tourn"]
[EventRounds "11"]
[EventCountry "SVK"]
[SourceTitle "CBM 193 Extra"]
[Source "ChessBase"]
[SourceDate "2020.01.31"]
[SourceVersion "1"]
[SourceVersionDate "2020.01.31"]
[SourceQuality "1"]
[WhiteTeam "Michalovce Zemplin"]
[BlackTeam "Kysucke Nove Mesto"]
[WhiteTeamCountry "SVK"]
[BlackTeamCountry "SVK"]

1. e4 Nf6 2. e5 Nd5 3. d4 d6 4. c4 Nb6 5. exd6 exd6 6. Nc3 Be7 7. Bd3 0-0 8. h3 Re8 9. Nge2 Nc6 10. 0-0 Nb4 11. Bb1 c6 12. b3 d5 13. a3 Na6 14. c5 Nd7 15. Bf4 Nc7 16. Qd3 Nf8 17. b4 Nce6 18. Be5 g6 19. Bc2 Ng7 20. Qd2 Bf6 21. Bh2 Nf5 22. a4 Bg7 23. b5 Qh4 24. Rad1 Bh6 25. Qd3 Ne6 26. g4 Ne7 27. f4 f5 28. g5 Bg7 29. Kg2 h6 30. Bg3 Qh5 31. h4 Kh7 32. Rde1 Rh8 33. Bd1 hxg5 34. fxg5 Qg4 35. Nf4 1-0

[Event "SVK-chT1E 1920"]
[Site "Slovakia"]
[Date "2019.10.12"]
[Round "1.1"]
[White "Piesik, Piotr"]
[Black "Cech, Dominik"]
[Result "1-0"]
[WhiteElo "2403"]
[BlackElo "2101"]
[PlyCount "64"]
[EventDate "2019.10.12"]
[EventType "team-tourn"]
[EventRounds "11"]
[EventCountry "SVK"]
[SourceTitle "CBM 193 Extra"]
[Source "ChessBase"]
[SourceDate "2020.01.31"]
[SourceVersion "1"]
[SourceVersionDate "2020.01.31"]
[SourceQuality "1"]
[WhiteTeam "Cadca"]
[BlackTeam "Michalovce Zemplin"]
[WhiteTeamCountry "SVK"]
[BlackTeamCountry "SVK"]

1. Nf3 Nf6 2. g3 g6 3. Bg2 Bg7 4. 0-0 0-0 5. d4 d6 6. Nbd2 c5 7. dxc5 dxc5 8. e4 Nc6 9. c3 h6 10. Qc2 Be6 11. Nh4 Ng4 12. Ndf3 Qb6 13. h3 Nge5 14. Nxe5 Nxe5 15. Kh2 Bc4 16. Rd1 Rad8 17. Be3 Rxd1 18. Rxd1 Bxa2 19. b4 Qe6 20. Rd2 Bb3 21. Qb1 cxb4 22. cxb4 Nc6 23. b5 Nb4 24. f4 Qc4 25. e5 Qc3 26. Re2 Bc2 27. Qc1 Qd3 28. Rf2 Rc8 29. Nf3 Qxb5 30. Nd4 Qa4 31. Be4 Na2 32. Bxc2 Nxc1 1-0

[Event "SVK-ch op"]
[Site "Ruzomberok"]
[Date "2019.07.05"]
[Round "7"]
[White "Karas, Marek"]
[Black "Cech, Dominik"]
[Result "1-0"]
[WhiteElo "2268"]
[BlackElo "2092"]
[PlyCount "105"]
[EventDate "2019.06.29"]
[EventType "swiss"]
[EventRounds "9"]
[EventCountry "SVK"]
[SourceTitle "CBM 191 Extra"]
[Source "ChessBase"]
[SourceDate "2019.09.30"]
[SourceVersion "1"]
[SourceVersionDate "2019.09.30"]
[SourceQuality "1"]

1. d4 Nf6 2. Nf3 g6 3. Nc3 d5 4. Bf4 Bg7 5. e3 0-0 6. Nb5 Na6 7. h3 c6 8. Nc3 Qa5 9. Qd2 c5 10. Be2 cxd4 11. exd4 Bd7 12. 0-0 Rfc8 13. Ne5 Be8 14. a3 Qd8 15. Bf3 Nc7 16. Rfe1 Ne6 17. Be3 b5 18. g4 a5 19. Qd3 b4 20. axb4 axb4 21. Ne2 Rxa1 22. Rxa1 Ra8 23. Rxa8 Qxa8 24. Qb3 Qa4 25. Nd3 Qxb3 26. cxb3 Nc7 27. Nxb4 e6 28. Nc3 Bd7 29. Be2 Nfe8 30. Na6 e5 31. dxe5 Bxe5 32. f4 Bg7 33. Nxc7 Nxc7 34. Bb6 Na8 35. Ba5 Bd4+ 36. Kg2 Nb6 37. Bf3 Be6 38. Bxb6 Bxb6 39. Bxd5 Bd7 40. b4 Kf8 41. b5 Ke7 42. Kf3 h5 43. Bc4 hxg4+ 44. hxg4 Bg1 45. Nd5+ Kd8 46. Nf6 Be8 47. Ke4 Ke7 48. g5 Bf2 49. b6 Bc6+ 50. Bd5 Kd6 51. Bxc6 Kxc6 52. Ng4 Bh4 53. Ne5+ 1-0

[Event "SVK-ch op"]
[Site "Ruzomberok"]
[Date "2019.07.03"]
[Round "5"]
[White "Cech, Dominik"]
[Black "Pniaczek, Marek"]
[Result "1-0"]
[WhiteElo "2092"]
[BlackElo "2276"]
[PlyCount "109"]
[EventDate "2019.06.29"]
[EventType "swiss"]
[EventRounds "9"]
[EventCountry "SVK"]
[SourceTitle "CBM 191 Extra"]
[Source "ChessBase"]
[SourceDate "2019.09.30"]
[SourceVersion "1"]
[SourceVersionDate "2019.09.30"]
[SourceQuality "1"]

1. e4 d5 2. exd5 Qxd5 3. Nc3 Qa5 4. d4 Nf6 5. Nf3 c6 6. Ne5 Bf5 7. Bc4 e6 8. Qe2 Bb4 9. Bd2 Nbd7 10. Nxd7 Nxd7 11. 0-0 0-0-0 12. a3 Bxc3 13. Bxc3 Qc7 14. Rfd1 Nf6 15. h3 h5 16. Bd3 Rd5 17. Bb4 Rhd8 18. Bxf5 Rxf5 19. c4 g5 20. Qe3 h4 21. d5 exd5 22. Qxa7 Re8 23. Rac1 Re2 24. Ba5 Qb8 25. Qb6 Kd7 26. cxd5 Rxd5 27. Re1 Rxe1+ 28. Rxe1 Rb5 29. Qd4+ Qd6 30. Qa4 Re5 31. Rxe5 Qxe5 32. Bc3 Qd6 33. Qa7 Qd1+ 34. Kh2 Qd6+ 35. Kg1 Qd1+ 36. Kh2 Qd6+ 37. g3 hxg3+ 38. fxg3 Nd5 39. Qxb7+ Ke8 40. Qc8+ Ke7 41. Bg7 Qe6 42. Qxe6+ Kxe6 43. Kg2 f6 44. Bf8 Ne3+ 45. Kf3 Nc4 46. a4 Nxb2 47. a5 Nc4 48. a6 Nb6 49. a7 Kf5 50. Bc5 Na8 51. h4 gxh4 52. gxh4 Nc7 53. Bb6 Na8 54. Bd8 c5 55. Ke3 1-0

[Event "SVK-chT2A 1819"]
[Site "Slovakia"]
[Date "2019.04.07"]
[Round "11.3"]
[White "Karas, Marek"]
[Black "Cech, Dominik"]
[Result "1-0"]
[WhiteElo "2246"]
[BlackElo "2100"]
[PlyCount "85"]
[EventDate "2018.10.13"]
[EventType "team-tourn"]
[EventRounds "11"]
[EventCountry "SVK"]
[SourceTitle "EXT 2020"]
[Source "ChessBase"]
[SourceDate "2019.10.17"]
[SourceVersion "1"]
[SourceVersionDate "2019.10.17"]
[SourceQuality "1"]
[WhiteTeam "Osuske II"]
[BlackTeam "Bratislava Doprastav"]
[WhiteTeamCountry "SVK"]
[BlackTeamCountry "SVK"]

1. d4 Nf6 2. Bg5 c5 3. Bxf6 gxf6 4. e3 Qb6 5. b3 f5 6. Nf3 Bg7 7. c3 f4 8. exf4 cxd4 9. Nxd4 Bxd4 10. Qxd4 Qxd4 11. cxd4 Nc6 12. Nc3 Nxd4 13. 0-0-0 Nc6 14. Nd5 Rb8 15. Bd3 Kf8 16. Rhe1 e6 17. Nf6 Ke7 18. Nh5 d5 19. Bb1 Kd6 20. Nf6 Bd7 21. h3 h6 22. Kb2 Rbd8 23. f5 Kc7 24. Rc1 Bc8 25. f4 Kb6 26. Rcd1 a6 27. g4 d4 28. fxe6 fxe6 29. Be4 Rhf8 30. Nh5 Ne7 31. Rd2 Rd6 32. h4 Kc5 33. g5 hxg5 34. hxg5 Nd5 35. Bxd5 exd5 36. Nf6 Bf5 37. Rc1+ Kb6 38. Rxd4 Rfd8 39. Rb4+ Ka7 40. Rc7 Rb6 41. Rd4 Rh8 42. Rd2 d4 43. Rc5 1-0

[Event "SVK-chT1E 1819"]
[Site "Slovakia"]
[Date "2019.02.24"]
[Round "9.3"]
[White "Cech, Dominik"]
[Black "Tropp, Oliver"]
[Result "0-1"]
[WhiteElo "2107"]
[BlackElo "2194"]
[PlyCount "111"]
[EventDate "2018.10.27"]
[EventType "team-tourn"]
[EventRounds "11"]
[EventCountry "SVK"]
[SourceTitle "CBM 189 Extra"]
[Source "ChessBase"]
[SourceDate "2019.06.03"]
[SourceVersion "1"]
[SourceVersionDate "2019.06.03"]
[SourceQuality "1"]
[WhiteTeam "Michalovce Zemplin"]
[BlackTeam "Liptov Chess School II"]
[WhiteTeamCountry "SVK"]
[BlackTeamCountry "SVK"]

1. e4 e5 2. Nf3 d6 3. d4 Nf6 4. dxe5 Nxe4 5. Qd5 Nc5 6. Bg5 Qd7 7. exd6 Bxd6 8. Nc3 Nc6 9. Nb5 Qe6+ 10. Qxe6+ Bxe6 11. Nxd6+ cxd6 12. a3 0-0 13. 0-0-0 Ne4 14. Be3 d5 15. Nd4 Nxd4 16. Bxd4 Rfc8 17. f3 Nd6 18. g4 f6 19. Bd3 Bf7 20. Rhe1 Rc7 21. Bf2 Rd7 22. Rd2 b6 23. Bg3 Rad8 24. Red1 d4 25. b3 Rc8 26. Kb2 Re8 27. Bf2 Bd5 28. f4 Bf3 29. Rg1 Ne4 30. Bc4+ Kf8 31. Rxd4 Red8 32. Rxd7 Rxd7 33. Be3 Re7 34. Bd4 Nd6 35. Bd3 Be4 36. Re1 Bxd3 37. Rxe7 Kxe7 38. cxd3 Ke6 39. a4 Kd5 40. Kc3 f5 41. h3 g6 42. Be5 Nb7 43. gxf5 gxf5 44. Bb8 a6 45. Bc7 Kc6 46. Be5 Kd5 47. Bd4 Nc5 48. Bxc5 Kxc5 49. b4+ Kd5 50. Kc2 Kd4 51. Kd2 b5 52. axb5 axb5 53. h4 h5 54. Ke2 Kc3 55. Ke3 Kxb4 56. Kd4 0-1

[Event "SVK-chT1E 1819"]
[Site "Slovakia"]
[Date "2019.02.23"]
[Round "8.3"]
[White "Endresz, Pavol"]
[Black "Cech, Dominik"]
[Result "1-0"]
[WhiteElo "2126"]
[BlackElo "2107"]
[PlyCount "120"]
[EventDate "2018.10.27"]
[EventType "team-tourn"]
[EventRounds "11"]
[EventCountry "SVK"]
[SourceTitle "CBM 189 Extra"]
[Source "ChessBase"]
[SourceDate "2019.06.03"]
[SourceVersion "1"]
[SourceVersionDate "2019.06.03"]
[SourceQuality "1"]
[WhiteTeam "Kezmarok"]
[BlackTeam "Michalovce Zemplin"]
[WhiteTeamCountry "SVK"]
[BlackTeamCountry "SVK"]

1. c4 Nf6 2. g3 g6 3. Bg2 Bg7 4. Nc3 0-0 5. Nf3 d6 6. 0-0 a6 7. Rb1 e5 8. d3 h6 9. b4 c6 10. a4 Be6 11. Ba3 Qc7 12. Nd2 Rd8 13. e4 Nbd7 14. Qe2 Nf8 15. Rbc1 Qd7 16. a5 Qe8 17. f4 exf4 18. gxf4 Nh5 19. f5 Bc8 20. Nb3 Qe7 21. d4 Qh4 22. Qf3 gxf5 23. exf5 Nh7 24. Ne4 N7f6 25. Rce1 Ng4 26. h3 Ngf6 27. Bc1 Re8 28. Nxf6+ Nxf6 29. Rxe8+ Nxe8 30. Bf4 Qf6 31. Be3 Bd7 32. d5 Qc3 33. f6 Qxf6 34. Nd4 Qxf3 35. Bxf3 c5 36. bxc5 dxc5 37. Nb3 Bxh3 38. Rc1 Bf8 39. Nxc5 Nd6 40. Nd3 Re8 41. Kf2 Bf5 42. Nf4 Bg7 43. Nh5 Bb2 44. Rg1+ Kh7 45. Ng3 Bg6 46. Rh1 Bg7 47. Rh4 Nf5 48. Nxf5 Bxf5 49. d6 Rd8 50. c5 Rd7 51. Rb4 Bc3 52. Rxb7 Rd8 53. Rxf7+ Kg6 54. Bh5+ Kxh5 55. Rxf5+ Kg6 56. Rd5 Kf6 57. c6 Ke6 58. c7 Rf8+ 59. Ke2 Bxa5 60. Rxa5 Kxd6 1-0

[Event "SVK-chT2A 1819"]
[Site "Slovakia"]
[Date "2018.12.16"]
[Round "6.3"]
[White "Privara, Igor"]
[Black "Cech, Dominik"]
[Result "1-0"]
[WhiteElo "2209"]
[BlackElo "2138"]
[PlyCount "87"]
[EventDate "2018.10.13"]
[EventType "team-tourn"]
[EventRounds "11"]
[EventCountry "SVK"]
[SourceTitle "CBM 189 Extra"]
[Source "ChessBase"]
[SourceDate "2019.06.03"]
[SourceVersion "1"]
[SourceVersionDate "2019.06.03"]
[SourceQuality "1"]
[WhiteTeam "Bratislava Slovan V"]
[BlackTeam "Bratislava Doprastav"]
[WhiteTeamCountry "SVK"]
[BlackTeamCountry "SVK"]

1. e4 c5 2. c3 Nf6 3. e5 Nd5 4. Nf3 e6 5. Bc4 Nb6 6. Bb3 c4 7. Bc2 d6 8. d4 cxd3 9. Qxd3 Nc6 10. exd6 Qxd6 11. Qe2 Be7 12. 0-0 0-0 13. Re1 Nd5 14. Na3 a6 15. Nc4 Qc7 16. Nce5 Nxe5 17. Nxe5 Nf6 18. Bg5 Nd5 19. Bxe7 Qxe7 20. Rad1 b5 21. Rd4 g6 22. Nxg6 fxg6 23. Rxd5 Qf7 24. Re5 Bd7 25. Bb3 Rae8 26. f3 Kg7 27. Bxe6 Bxe6 28. Rxe6 Qa7+ 29. Qf2 Qd7 30. Qd4+ Qxd4+ 31. cxd4 Rxe6 32. Rxe6 Rd8 33. Re4 Rc8 34. Re2 Kf6 35. Kf2 Rc4 36. Ke3 Ke6 37. Kd3+ Kd5 38. Re5+ Kd6 39. h4 Rc1 40. h5 Rd1+ 41. Kc3 Rc1+ 42. Kb3 Rc6 43. hxg6 hxg6 44. d5 1-0